ما وراء الأرقام : (رقم التسجيلة. 5664)
[ عرض عادي ]
| 000 -LEADER | |
|---|---|
| fixed length control field | 00751nam a22002057a 4500 |
| 005 - DATE AND TIME OF LATEST TRANSACTION | |
| control field | 20251108164159.0 |
| 008 - FIXED-LENGTH DATA ELEMENTS--GENERAL INFORMATION | |
| fixed length control field | 250721s1994 xx 000 0 ara d |
| 082 14 - DEWEY DECIMAL CLASSIFICATION NUMBER | |
| Classification number | 301.32/ما |
| 100 1# - MAIN ENTRY--PERSONAL NAME | |
| Personal name | لورى، آن مازور |
| Relator term | مؤلف |
| 245 10 - TITLE STATEMENT | |
| Title | ما وراء الأرقام : |
| Remainder of title | قراءات في السكان و الإستهلاك و البيئة / |
| 264 1# - PRODUCTION, PUBLICATION, DISTRIBUTION, MANUFACTURE, AND COPYRIGHT NOTICE | |
| Place of production, publication, distribution, manufacture | القاهرة : |
| Name of producer, publisher, distributor, manufacturer | الجمعية المصرية لنشر المعرفة و الثقافة العالمية، |
| Date of production, publication, distribution, manufacture, or copyright notice | 1994. |
| 300 ## - PHYSICAL DESCRIPTION | |
| Extent | 248ص |
| 650 17 - SUBJECT ADDED ENTRY--TOPICAL TERM | |
| Topical term or geographic name as entry element | السكان |
| 650 17 - SUBJECT ADDED ENTRY--TOPICAL TERM | |
| Topical term or geographic name as entry element | البيئة |
| 650 17 - SUBJECT ADDED ENTRY--TOPICAL TERM | |
| Topical term or geographic name as entry element | تحديد النسل |
| 700 1# - ADDED ENTRY--PERSONAL NAME | |
| Personal name | هداره، سيد رمضان |
| Relator term | ترجمة |
| 700 1# - ADDED ENTRY--PERSONAL NAME | |
| Personal name | خيري، ناديه حافظ |
| Relator term | ترجمة |
| 942 ## - ADDED ENTRY ELEMENTS (KOHA) | |
| Source of classification or shelving scheme | Dewey Decimal Classification |
| Koha item type | كتب |
| حالة السحب | حالة الفقدان | مصدر التصنيف | حالة التلف | غير قابل للإعارة | المكتبة الرئيسية | المكتبة الحالية | موقع الرف | تاريخ التزويد | الرقم المتسلسل | Total Checkouts | رقم الإستدعاء | تاريخ آخر ظهور | تاريخ الفاتورة | نوع المادة (كوها) | الباركود |
|---|---|---|---|---|---|---|---|---|---|---|---|---|---|---|---|
| Dewey Decimal Classification | Unchecked | مكتبة أم قصير والمقابلين العامة | مكتبة أم قصير والمقابلين العامة | الإعارة | 06/07/2004 | 4877 | 301.32/ما | 28/07/2025 | 06/07/2004 | كتب | |||||
| Dewey Decimal Classification | Unchecked | مكتبة الأميرة ايمان العامة | مكتبة الأميرة ايمان العامة | الإعارة | 06/07/2004 | 6237 | 301.32/ما | 28/07/2025 | 06/07/2004 | كتب | |||||
| Dewey Decimal Classification | Unchecked | مكتبة الاميرة بديعة | مكتبة الاميرة بديعة | الإعارة | 06/07/2004 | 4631 | 301.32/ما | 28/07/2025 | 06/07/2004 | كتب | |||||
| Dewey Decimal Classification | Unchecked | مكتبة الجويدة | مكتبة الجويدة | الإعارة | 06/07/2004 | 4621 | 301.32/ما | 28/07/2025 | 06/07/2004 | كتب | |||||
| Dewey Decimal Classification | مكتبة النصر العامة | مكتبة النصر العامة | الإعارة | 20/01/2015 | [6968 | 301.32/ما | 28/07/2025 | 20/01/2015 | كتب | PLD00314199 | |||||
| Dewey Decimal Classification | Unchecked | مكتبة حمزة العامة | مكتبة حمزة العامة | الإعارة | 06/07/2004 | 5205 | 301.32/ما | 28/07/2025 | 06/07/2004 | كتب | |||||
| Dewey Decimal Classification | Unchecked | مكتبة صويلح العامة | مكتبة صويلح العامة | الإعارة | 06/07/2004 | 9992 | 301.32/ما | 28/07/2025 | 06/07/2004 | كتب | |||||
| Dewey Decimal Classification | Unchecked | مكتبة وادي السير العامة | مكتبة وادي السير العامة | الإعارة | 06/07/2004 | 5432 | 301.32/ما | 28/07/2025 | 06/07/2004 | كتب |